[Event "Sautron op 13th"]
[Site "Sautron"]
[Date "2013.10.??"]
[Round "2"]
[White "Touchefeu, Aurelien"]
[Black "Deltour, Quentin"]
[Result "1-0"]
[WhiteElo "1968"]
[BlackElo "1773"]
[PlyCount "81"]
[EventDate "2013.10.26"]
[EventType "swiss"]
[EventRounds "9"]
[EventCountry "FRA"]
[SourceTitle "EXT 2016"]
[Source "ChessBase"]
[SourceDate "2015.10.08"]
[SourceVersion "1"]
[SourceVersionDate "2015.10.08"]
[SourceQuality "1"]

1. e4 c5 2. Nf3 d6 3. d4 cxd4 4. Nxd4 Nf6 5. Nc3 a6 6. Be2 e5 7. Nb3 Be6 8. 0-0 Be7 9. f4 exf4 10. Bxf4 0-0 11. Qd2 Nc6 12. Kh1 Ne5 13. Rad1 Rc8 14. Qe3 Qc7 15. h3 Nfd7 16. Qg3 Kh8 17. Rd2 Nb6 18. Nd5 Bxd5 19. exd5 Nbc4 20. Bxc4 Nxc4 21. Re2 Bf6 22. c3 Ne5 23. Nd4 Qc4 24. Bh6 Rg8 25. Rxf6 gxf6 26. Qh4 Rg6 27. Rf2 Qxd5 28. Nf5 Rcg8 29. Ne3 Qe6 30. g4 Nd3 31. Rf5 Qe4+ 32. Kh2 Ne5 33. Kg3 Nd7 34. Bf4 Qb1 35. Kf3 Qh1+ 36. Kf2 Ne5 37. Bxe5 dxe5 38. Rxf6 Qe4 39. Rxf7 Rd6 40. Nf1 Qb1 41. Qe7 1-0

[Event "Rohde op 12th"]
[Site "Sautron"]
[Date "2012.11.??"]
[Round "9"]
[White "Deltour, Quentin"]
[Black "Eden, James"]
[Result "0-1"]
[WhiteElo "1732"]
[BlackElo "2145"]
[PlyCount "70"]
[EventDate "2012.10.27"]
[EventType "swiss"]
[EventRounds "9"]
[EventCountry "FRA"]
[SourceTitle "EXT 2014"]
[Source "ChessBase"]
[SourceDate "2013.11.20"]
[SourceVersion "1"]
[SourceVersionDate "2013.11.20"]
[SourceQuality "1"]

1. e4 e5 2. Nf3 Nc6 3. d4 exd4 4. Bc4 Nf6 5. e5 d5 6. Bb5 Ne4 7. Nxd4 Bd7 8. Bxc6 bxc6 9. 0-0 Bc5 10. Be3 0-0 11. f3 Ng5 12. f4 Ne4 13. Nd2 Nxd2 14. Qxd2 Qe7 15. Rae1 Bb6 16. Bf2 c5 17. Ne2 d4 18. Bg3 f5 19. c3 Bb5 20. b3 Ba5 21. Rb1 Bxc3 22. Nxc3 Bxf1 23. Rxf1 dxc3 24. Qxc3 Rad8 25. Bf2 Rd5 26. Rc1 Rfd8 27. Qc4 Kh8 28. Qe2 Qd7 29. Be1 Rd1 30. Rc4 Qd2 31. Kf1 Qxe2+ 32. Kxe2 R8d5 33. b4 R1d4 34. Rxd4 Rxd4 35. g3 cxb4 0-1

[Event "Rohde op 10th"]
[Site "Sautron"]
[Date "2010.10.27"]
[Round "6"]
[White "De Lagontrie, Jean"]
[Black "Deltour, Quentin"]
[Result "0-1"]
[WhiteElo "1929"]
[BlackElo "1660"]
[PlyCount "92"]
[EventDate "2010.10.23"]
[EventType "swiss"]
[EventRounds "9"]
[EventCountry "FRA"]
[SourceTitle "EXT 2012"]
[Source "ChessBase"]
[SourceDate "2011.11.24"]
[SourceVersion "1"]
[SourceVersionDate "2011.11.24"]
[SourceQuality "1"]

1. d4 Nf6 2. c4 g6 3. Nc3 d5 4. cxd5 Nxd5 5. e4 Nxc3 6. bxc3 Bg7 7. Bc4 c5 8. Ne2 0-0 9. 0-0 Nc6 10. Be3 Qc7 11. Rc1 Rd8 12. Qd2 b6 13. Rfd1 Bb7 14. f4 Na5 15. Bd3 e6 16. Ng3 f5 17. Qf2 Rac8 18. h4 Bf6 19. h5 Kg7 20. e5 Be7 21. Qe2 c4 22. Bc2 Qc6 23. Rf1 Rg8 24. h6+ Kxh6 25. Rf3 Kg7 26. Nf1 Kf8 27. Nd2 Rd8 28. Rh3 Rg7 29. Nf3 h5 30. Kh2 Kf7 31. Rd1 Qc8 32. Rg1 Bd5 33. Bf2 Rdg8 34. Ng5+ Bxg5 35. fxg5 Nc6 36. Be3 Qa6 37. Bb1 Rb8 38. Kg3 b5 39. Rgh1 b4 40. Rxh5 gxh5 41. Qxh5+ Ke7 42. Qh6 Rgg8 43. Qf6+ Ke8 44. Bxf5 exf5 45. e6 Ne7 46. Rh6 b3 0-1

[Event "FRA-ch U12"]
[Site "Aix les Bains"]
[Date "2009.04.19"]
[Round "1"]
[White "Bellahcene, Bilel"]
[Black "Deltour, Quentin"]
[Result "1-0"]
[WhiteElo "1968"]
[BlackElo "1580"]
[PlyCount "41"]
[EventDate "2009.04.19"]
[EventType "swiss"]
[EventRounds "9"]
[EventCountry "FRA"]
[SourceTitle "CBM 130 Extra"]
[Source "ChessBase"]
[SourceDate "2009.07.02"]
[SourceVersion "2"]
[SourceVersionDate "2009.07.15"]
[SourceQuality "1"]

1. e4 e5 2. f4 d6 3. Nf3 Nc6 4. Bc4 Be7 5. 0-0 Nf6 6. d3 0-0 7. fxe5 dxe5 8. c3 b6 9. b4 Bb7 10. a4 a5 11. b5 Na7 12. Nxe5 Bd6 13. Ng4 Nd7 14. Qf3 Qe7 15. Qf5 Bc8 16. Bg5 Qe8 17. Bh6 Ne5 18. Qg5 Ng6 19. Bxg7 Kxg7 20. Qf6+ Kg8 21. Nh6# 1-0